[Event "NOR-chB"]
[Site "Oslo"]
[Date "2023.07.02"]
[Round "2"]
[White "Dropping, Jon"]
[Black "Winsents, Tore"]
[Result "0-1"]
[WhiteElo "1264"]
[BlackElo "1349"]
[PlyCount "136"]
[EventDate "2023.06.30"]
[EventType "swiss"]
[EventRounds "9"]
[EventCountry "NOR"]
[SourceTitle "EXT 2024"]
[Source "ChessBase"]
[SourceDate "2023.10.10"]
[SourceVersion "1"]
[SourceVersionDate "2023.10.10"]
[SourceQuality "1"]

1. Nf3 d6 2. d4 g6 3. Bg5 c6 4. e3 Bg4 5. e4 Bxf3 6. Qxf3 Qa5+ 7. Bd2 Qb6 8. Bc3 Bg7 9. Qd3 d5 10. e5 e6 11. a3 Qc7 12. Nd2 Ne7 13. Nf3 0-0 14. Bd2 Nd7 15. Bg5 Nc8 16. Qd2 c5 17. Bh6 cxd4 18. Bxg7 Kxg7 19. Nxd4 Qxe5+ 20. Be2 a6 21. 0-0 Nd6 22. c3 Qf6 23. b3 Rac8 24. Rac1 Ne4 25. Qe3 Qe7 26. f3 Nef6 27. b4 Nb6 28. Nf5+ gxf5 29. Qxb6 Kh8 30. Qd4 Rg8 31. c4 dxc4 32. Bxc4 Rg6 33. Rf2 b5 34. Rfc2 bxc4 35. Rxc4 Rxc4 36. Rxc4 Rg8 37. Qe5 Qd8 38. Rd4 Qe7 39. g3 Kg7 40. Rd6 Qc7 41. Qf4 Qa7+ 42. Kg2 h6 43. Qc4 Qe3 44. Rd3 Qe2+ 45. Kh3 Qf1+ 46. Kh4 Qg2 47. h3 Kh7 48. Qf4 Rg5 49. g4 Qf2+ 50. Qg3 Qxg3+ 51. Kxg3 h5 52. f4 Rg8 53. g5 Nd5 54. Rb3 f6 55. Kh4 Nxf4 56. b5 fxg5+ 57. Kg3 axb5 58. Rxb5 Rg7 59. Rb2 Ra7 60. Ra2 Kg6 61. h4 Ne2+ 62. Rxe2 Rxa3+ 63. Kf2 Ra6 64. Kg3 f4+ 65. Kf3 Ra3+ 66. Ke4 Re3+ 67. Rxe3 fxe3 68. Kxe3 Kf5 0-1